000 00306nam a22001337a 4500
003 SGT
020 _a9788189530976
082 _a340.072
_bTEW
100 _aTEWARI H.N
245 _aLEGAL RESEARCH METHODOLOGY
260 _aFARIDABAD
_bALLAHABAD LAW AGENCY
_c2019
300 _a264
942 _2ddc
_cBK
_012
999 _c25768
_d25768